[Event "Kvinder mod Veteraner 1996"]
[Site "Lyngby"]
[Date "1996.07.11"]
[Round "4"]
[White "Norregaard, Claus"]
[Black "Hansen, Evgenia Peicheva"]
[Result "1-0"]
[WhiteElo "1963"]
[BlackElo "2161"]
[PlyCount "73"]
[EventDate "1996.??.??"]
[WhiteTeam "Veteraner"]
[BlackTeam "Kvinder"]

1. d4 Nf6 2. c4 c5 3. e3 g6 4. Nc3 Bg7 5. Nf3 O-O 6. Be2 d6 7. O-O e6 8. b3 Qe7
9. Bb2 b6 10. Qc2 Bb7 11. Rfd1 Nc6 12. a3 cxd4 13. exd4 Rac8 14. Re1 Na5 15.
Rad1 Qc7 16. Qd3 Qb8 17. d5 e5 18. Nd2 Ba6 19. Nb5 Nb7 20. b4 Nd7 21. g4 Rce8
22. Ne4 f6 23. Bc1 Bxb5 24. cxb5 Nd8 25. h4 Nf7 26. Qh3 Qd8 27. h5 Ng5 28. Bxg5
fxg5 29. Nxd6 Qf6 30. Nxe8 Qxf2+ 31. Kh1 Rxe8 32. hxg6 hxg6 33. d6 Bf6 34. Qf3
Qh4+ 35. Kg2 e4 36. Qb3+ Kg7 37. Rh1 1-0

[Event "Kvinder mod Veteraner 1996"]
[Site "Lyngby"]
[Date "1996.07.11"]
[Round "4"]
[White "Stewart, Tanya Jill Milk"]
[Black "Moller, Henning"]
[Result "1/2-1/2"]
[WhiteElo "1985"]
[BlackElo "2072"]
[PlyCount "23"]
[EventDate "1996.??.??"]
[WhiteTeam "Kvinder"]
[BlackTeam "Veteraner"]

1. e4 e5 2. Nf3 Nf6 3. Nc3 Bb4 4. a3 Bxc3 5. dxc3 d6 6. Bd3 Bg4 7. h3 Bh5 8.
Qe2 Nbd7 9. Bg5 Nc5 10. O-O-O Bxf3 11. Qxf3 Nxd3+ 12. Qxd3 1/2-1/2

[Event "Kvinder mod Veteraner 1996"]
[Site "Lyngby"]
[Date "1996.07.12"]
[Round "5"]
[White "Andersen, Ejnar"]
[Black "Stewart, Tanya Jill Milk"]
[Result "1/2-1/2"]
[WhiteElo "2070"]
[BlackElo "1985"]
[PlyCount "98"]
[EventDate "1996.??.??"]
[WhiteTeam "Veteraner"]
[BlackTeam "Kvinder"]

1. b4 e5 2. Bb2 d6 3. e3 Nf6 4. c4 Nbd7 5. Nc3 c6 6. Be2 g6 7. h4 h6 8. Qc2 Bg7
9. Nh3 Nf8 10. a4 a5 11. b5 Bf5 12. d3 Ne6 13. f3 Bxh3 14. Rxh3 Qb6 15. Qd2 d5
16. bxc6 bxc6 17. cxd5 Nxd5 18. Nxd5 cxd5 19. Ba3 d4 20. exd4 Nxd4 21. Ra2 Bf8
22. f4 Bxa3 23. Rxa3 Rb8 24. Rc3 O-O 25. fxe5 Nf5 26. h5 Rfe8 27. d4 Qxd4 28.
Qxd4 Nxd4 29. Rhe3 Nxe2 30. Kxe2 Rb4 31. hxg6 fxg6 32. Rc6 Rg4 33. Kf3 Rg5 34.
Rc5 Kf7 35. Rxa5 Rf5+ 36. Ke4 Re7 37. Rf3 Rxf3 38. gxf3 h5 39. f4 Ke6 40. Ra6+
Kf7 41. a5 Rc7 42. f5 gxf5+ 43. Kxf5 h4 44. Rh6 Rc5 45. a6 Ra5 46. Rb6 h3 47.
Rh6 h2 48. Rxh2 Rxa6 49. Rh7+ Ke8 1/2-1/2

[Event "Kvinder mod Veteraner 1996"]
[Site "Lyngby"]
[Date "1996.07.12"]
[Round "5"]
[White "Fredericia, Louise Winther"]
[Black "Norregaard, Claus"]
[Result "1-0"]
[WhiteElo "1955"]
[BlackElo "1963"]
[PlyCount "85"]
[EventDate "1996.??.??"]
[WhiteTeam "Kvinder"]
[BlackTeam "Veteraner"]

1. e4 e6 2. d4 d5 3. Nc3 Nf6 4. e5 Nfd7 5. Nce2 c5 6. c3 Nc6 7. f4 Be7 8. Nf3
O-O 9. g3 f6 10. Bh3 f5 11. O-O h5 12. Kh1 g6 13. b3 b6 14. c4 Ba6 15. cxd5
exd5 16. Bb2 Nb4 17. Qd2 Nd3 18. Bg2 Rc8 19. Ne1 Nxb2 20. Qxb2 cxd4 21. Bxd5+
Kh7 22. Bg2 d3 23. Nd4 d2 24. Ne6 dxe1=Q 25. Rfxe1 Qe8 26. Nxf8+ Nxf8 27. b4
Bd3 28. Qa3 Qb5 29. Qxa7 Qxb4 30. a3 Qc5 31. Rac1 Qxc1 32. Qxe7+ Kg8 33. Bd5+
Kh8 34. Rxc1 Rxc1+ 35. Kg2 Nh7 36. Qe8+ Kg7 37. Qf7+ Kh6 38. e6 Rc2+ 39. Kg1
Rc1+ 40. Kf2 Bb5 41. e7 Rc2+ 42. Ke1 Rxh2 43. Qf8+ 1-0

[Event "Kvinder mod Veteraner 1996"]
[Site "Lyngby"]
[Date "1996.07.12"]
[Round "5"]
[White "Haahr, Merete"]
[Black "Larsen, Ole Scholler"]
[Result "0-1"]
[WhiteElo "1822"]
[BlackElo "2094"]
[PlyCount "54"]
[EventDate "1996.??.??"]
[WhiteTeam "Kvinder"]
[BlackTeam "Veteraner"]

1. g3 f5 2. Nf3 Nf6 3. Bg2 g6 4. c4 Bg7 5. Nc3 d6 6. d3 O-O 7. O-O e5 8. Ne1 c6
9. f4 Qb6+ 10. Kh1 Ng4 11. e3 Nxe3 12. Bxe3 Qxe3 13. Nc2 Qb6 14. Rb1 Nd7 15.
Qf3 Nf6 16. Ne3 Re8 17. Rfe1 Bd7 18. Re2 Bh6 19. fxe5 Rxe5 20. Nc2 Rae8 21. b3
Ng4 22. Rf1 Rxe2 23. Nxe2 Ne3 24. Nxe3 Rxe3 25. Qf2 Rxd3 26. Qxb6 axb6 27. Nf4
Rd2 0-1

[Event "Kvinder mod Veteraner 1996"]
[Site "Lyngby"]
[Date "1996.07.12"]
[Round "5"]
[White "Moller, Henning"]
[Black "Treppendahl, Trine"]
[Result "1-0"]
[WhiteElo "2072"]
[BlackElo "1953"]
[PlyCount "121"]
[EventDate "1996.??.??"]
[WhiteTeam "Veteraner"]
[BlackTeam "Kvinder"]

1. c4 e6 2. Nc3 d5 3. d4 Nf6 4. Bg5 Be7 5. e3 h6 6. Bh4 O-O 7. Nf3 b6 8. Qc2
Bb7 9. Bxf6 Bxf6 10. cxd5 exd5 11. O-O-O c6 12. g4 Bh4 13. Bd3 Qf6 14. Nxh4
Qxh4 15. Rhg1 Na6 16. Qe2 Nc7 17. g5 hxg5 18. Rg4 Qh5 19. h4 Bc8 20. Rxg5 Qxe2
21. Nxe2 Ne6 22. Rg3 f6 23. Bf5 Nf4 24. Nxf4 Bxf5 25. Kd2 Kh7 26. h5 Rf7 27.
Rc1 Rc8 28. Rgg1 Rff8 29. b4 Rfe8 30. Rc3 a6 31. a4 Bd7 32. a5 bxa5 33. bxa5
Rb8 34. Ra1 Rb5 35. Ke2 Reb8 36. Kf3 Kh6 37. Rcc1 R8b7 38. Kg3 Rb8 39. Kh4 Kh7
40. Nd3 Bf5 41. Nc5 Bc8 42. Rg1 Rb2 43. Kg3 Kh6 44. Na4 R2b5 45. Nb6 Bb7 46.
Kf4 Kh7 47. Rg6 Re8 48. Rag1 Re7 49. h6 gxh6 50. Kf5 Rb2 51. f4 Rc7 52. Rh1 Rg7
53. Rgxh6+ Kg8 54. Kxf6 Rf7+ 55. Ke6 Re2 56. Rh8+ Kg7 57. Rg1+ Kxh8 58. Kxf7
Rh2 59. Rg8+ Kh7 60. Nd7 Rh6 61. Nf8# 1-0

[Event "Kvinder mod Veteraner 1996"]
[Site "Lyngby"]
[Date "1996.07.12"]
[Round "5"]
[White "Mortensen, Beatrix"]
[Black "From, Sigfred"]
[Result "1-0"]
[WhiteElo "1957"]
[BlackElo "2087"]
[PlyCount "69"]
[EventDate "1996.??.??"]
[WhiteTeam "Kvinder"]
[BlackTeam "Veteraner"]

1. e4 e5 2. Nf3 Nc6 3. Bc4 Nf6 4. d4 exd4 5. e5 d5 6. Bb5 Ne4 7. Nxd4 Bd7 8.
Bxc6 bxc6 9. O-O Bc5 10. Be3 Qe7 11. f3 Ng5 12. f4 Ne4 13. Nd2 Nxd2 14. Qxd2
O-O 15. Rae1 Bb6 16. c3 c5 17. Ne2 Bc6 18. Ng3 f5 19. exf6 Qxf6 20. f5 h6 21.
Rf4 Rae8 22. Rg4 Rf7 23. Rg6 d4 24. Rxf6 Rxf6 25. Bf2 Rxe1+ 26. Qxe1 Bd5 27.
Qe5 Bxa2 28. cxd4 cxd4 29. Nh5 Rf7 30. Bxd4 Bxd4+ 31. Qxd4 Bb1 32. f6 g6 33.
Nf4 c6 34. Ne6 Kh7 35. Qd8 1-0

[Event "Kvinder mod Veteraner 1996"]
[Site "Lyngby"]
[Date "1996.07.12"]
[Round "5"]
[White "Pedersen, Borge"]
[Black "Guindy, Esmat"]
[Result "1/2-1/2"]
[WhiteElo "2110"]
[BlackElo "2116"]
[PlyCount "64"]
[EventDate "1996.??.??"]
[WhiteTeam "Veteraner"]
[BlackTeam "Kvinder"]

1. e4 e6 2. d4 d5 3. Nc3 Nf6 4. e5 Nfd7 5. Nce2 c5 6. c3 Nc6 7. f4 f6 8. Nf3
Be7 9. g3 O-O 10. Bg2 Qb6 11. O-O cxd4 12. cxd4 fxe5 13. Bh3 Nxd4 14. Nexd4
exd4 15. Re1 Nf6 16. Qd3 Bd7 17. Ng5 Ne4 18. Nxe4 dxe4 19. Qxe4 Bb4 20. Bxe6+
Bxe6 21. Qxe6+ Qxe6 22. Rxe6 Rae8 23. Re5 d3 24. Be3 Rxe5 25. fxe5 Rc8 26. a3
Bc5 27. Bxc5 Rxc5 28. Rd1 Rd5 29. Kf2 Kf7 30. Ke3 Ke6 31. Rxd3 Rxe5+ 32. Kf3
Rc5 1/2-1/2

[Event "Kvinder mod Veteraner 1996"]
[Site "Lyngby"]
[Date "1996.07.13"]
[Round "6"]
[White "From, Sigfred"]
[Black "Guindy, Esmat"]
[Result "1/2-1/2"]
[WhiteElo "2087"]
[BlackElo "2116"]
[PlyCount "57"]
[EventDate "1996.??.??"]
[WhiteTeam "Veteraner"]
[BlackTeam "Kvinder"]

1. d4 d5 2. Nf3 Bf5 3. c4 e6 4. Nc3 c6 5. e3 Nd7 6. Be2 Ngf6 7. Nh4 Bg6 8. Nxg6
hxg6 9. Qc2 Qc7 10. h3 dxc4 11. Bxc4 g5 12. Bd2 g4 13. h4 O-O-O 14. O-O-O Nb6
15. Be2 Be7 16. g3 g6 17. Kb1 e5 18. dxe5 Qxe5 19. e4 Bd6 20. Bf4 Qe6 21. Rxd6
Rxd6 22. Nb5 Rd7 23. Nxa7+ Kd8 24. Bg5 Kc7 25. Bf4+ Kd8 26. Bg5 Kc7 27. Nb5+
Kb8 28. Bf4+ Kc8 29. Na7+ 1/2-1/2

[Event "Kvinder mod Veteraner 1996"]
[Site "Lyngby"]
[Date "1996.07.13"]
[Round "6"]
[White "Haahr, Merete"]
[Black "Moller, Henning"]
[Result "0-1"]
[WhiteElo "1822"]
[BlackElo "2072"]
[PlyCount "134"]
[EventDate "1996.??.??"]
[WhiteTeam "Kvinder"]
[BlackTeam "Veteraner"]

1. Nf3 Nf6 2. g3 d5 3. Bg2 c6 4. d3 Bf5 5. O-O e6 6. Bd2 Nbd7 7. c4 Bd6 8. Nc3
O-O 9. cxd5 cxd5 10. Rc1 a6 11. Qa4 Nc5 12. Qh4 Be7 13. Qd4 Rc8 14. Ne5 Ncd7
15. Nxd7 Nxd7 16. Na4 b5 17. Rxc8 Qxc8 18. Rc1 Qb7 19. Nc3 Rc8 20. Qf4 Bg6 21.
Qe3 Bf6 22. Nd1 Rxc1 23. Bxc1 Qc7 24. b3 h6 25. Qd2 b4 26. Bb2 Bxb2 27. Qxb2 a5
28. Ne3 Kf8 29. Kf1 Nb6 30. Qc2 Qxc2 31. Nxc2 e5 32. Ke1 d4 33. Kd2 Ke7 34. e3
dxe3+ 35. fxe3 f6 36. Bc6 Kd6 37. Bb7 Bf5 38. e4 Be6 39. Ne3 Kc5 40. Ba6 Kd6
41. Nc4+ Bxc4 42. Bxc4 Kc5 43. Ke3 a4 44. Be6 a3 45. g4 Na8 46. h4 Nc7 47. Bc4
g6 48. Ke2 Kd4 49. Kd2 g5 50. h5 Ne8 51. Be6 Nd6 52. Bc4 Nb7 53. Bb5 Nc5 54.
Bc4 Nd7 55. Be6 Nb6 56. Bf7 Nc8 57. Bc4 Na7 58. Ba6 Kc5 59. Ke3 Nc6 60. Bc4 Nd4
61. Bf7 Nb5 62. Kd2 Nc3 63. Kc2 Nxa2 64. Bc4 Nc3 65. Ba6 Kd4 66. Bc4 Nd1 67.
Kb1 Nf2 0-1

[Event "Kvinder mod Veteraner 1996"]
[Site "Lyngby"]
[Date "1996.07.13"]
[Round "6"]
[White "Larsen, Ole Scholler"]
[Black "Hansen, Evgenia Peicheva"]
[Result "0-1"]
[WhiteElo "2094"]
[BlackElo "2161"]
[PlyCount "134"]
[EventDate "1996.??.??"]
[WhiteTeam "Veteraner"]
[BlackTeam "Kvinder"]

1. e4 e5 2. Bc4 Nc6 3. Nc3 Bc5 4. d3 d6 5. Na4 Bb6 6. Nxb6 axb6 7. a3 Nf6 8.
Bg5 h6 9. Bh4 Qe7 10. Ne2 Nd8 11. f3 Be6 12. Nc3 O-O 13. Nd5 Bxd5 14. exd5 c6
15. Bxf6 Qxf6 16. Qd2 b5 17. Bb3 c5 18. O-O g5 19. c3 Qg7 20. d4 b6 21. dxe5
dxe5 22. Rfe1 Nb7 23. Qe2 c4 24. Bc2 Rfe8 25. Qf2 Qf6 26. Rad1 Rad8 27. a4 bxa4
28. Bxa4 Re7 29. Bb5 Nd6 30. Bc6 Rb8 31. Ra1 Nc8 32. Ra6 Qd6 33. Rd1 Kg7 34.
Ra4 b5 35. Ra6 Qd8 36. d6 Re6 37. Qc5 Rxd6 38. Qxe5+ Qf6 39. Qxf6+ Rxf6 40. Ra8
Rxa8 41. Bxa8 Nb6 42. Be4 Na4 43. Rd2 Rb6 44. Bb1 Kf6 45. Kf2 Ke7 46. Ba2 Rd6
47. Re2+ Kf6 48. Kg3 Rd1 49. Rc2 Nc5 50. h4 Ra1 51. hxg5+ hxg5 52. b3 cxb3 53.
Bxb3 Nxb3 54. Rb2 Ra3 55. Rb1 Kg6 56. Rb2 Nc5 57. Rxb5 Rxc3 58. Rb6+ f6 59. Rb2
Nd3 60. Ra2 Nf4 61. Rb2 Re3 62. Rb1 Re2 63. Rg1 Rc2 64. Kh2 Kh5 65. Kh1 Kh4 66.
g3+ Kh3 67. gxf4 Rh2# 0-1

[Event "Kvinder mod Veteraner 1996"]
[Site "Lyngby"]
[Date "1996.07.13"]
[Round "6"]
[White "Nilsson, Nils Specht"]
[Black "Fredericia, Louise Winther"]
[Result "1/2-1/2"]
[WhiteElo "2155"]
[BlackElo "1955"]
[PlyCount "105"]
[EventDate "1996.??.??"]
[WhiteTeam "Veteraner"]
[BlackTeam "Kvinder"]

1. e4 e6 2. d4 d5 3. Nc3 Nf6 4. Bg5 Be7 5. e5 Nfd7 6. Bxe7 Qxe7 7. f4 a6 8. Bd3
c5 9. Qg4 g6 10. Nf3 Nc6 11. h4 h5 12. Qg3 Nxd4 13. Nxd4 cxd4 14. Ne2 Qb4+ 15.
Kf2 Nc5 16. a3 Qd2 17. Rhd1 Qe3+ 18. Qxe3 dxe3+ 19. Kxe3 Bd7 20. Nc3 Ke7 21. a4
Rac8 22. Be2 a5 23. Rd4 Rc7 24. Bf3 Rhc8 25. Bxd5 exd5 26. Nxd5+ Ke8 27. Nxc7+
Rxc7 28. Ra3 Ke7 29. Rc3 Ne6 30. Rxc7 Nxc7 31. b3 Bc6 32. g3 Nd5+ 33. Kd2 Ke6
34. c4 Ne7 35. Rd6+ Kf5 36. Rf6+ Kg4 37. Rxf7 Nf5 38. Rf6 Kxg3 39. Rxg6+ Kxf4
40. Rg5 Nxh4 41. Rxh5 Nf3+ 42. Kc3 Ne1 43. Kd4 Nf3+ 44. Kc5 Nd2 45. Rh3 Bd7 46.
Rd3 Ne4+ 47. Kb6 Bf5 48. Rd5 Nc3 49. Rxa5 Bc2 50. Kxb7 Bxb3 51. Kb8 Nxa4 52.
Rb5 Bc2 53. c5 1/2-1/2

[Event "Kvinder mod Veteraner 1996"]
[Site "Lyngby"]
[Date "1996.07.13"]
[Round "6"]
[White "Norregaard, Claus"]
[Black "Mortensen, Beatrix"]
[Result "0-1"]
[WhiteElo "1963"]
[BlackElo "1957"]
[PlyCount "56"]
[EventDate "1996.??.??"]
[WhiteTeam "Veteraner"]
[BlackTeam "Kvinder"]

1. d4 Nf6 2. c4 g6 3. Nc3 Bg7 4. e4 d6 5. Bg5 O-O 6. Qd2 Nbd7 7. Bh6 e5 8. d5
Nc5 9. f3 a5 10. h4 Nh5 11. O-O-O Ng3 12. Rh2 f5 13. Nge2 Nxf1 14. Rxf1 fxe4
15. Bg5 Qe8 16. h5 exf3 17. gxf3 e4 18. hxg6 exf3 19. gxh7+ Kh8 20. Bh6 Qe5 21.
Bxg7+ Qxg7 22. Rg1 Bg4 23. Qd4 Nd3+ 24. Qxd3 fxe2 25. Nxe2 Bxe2 26. Rxg7 Bxd3
27. Rxc7 Rac8 28. Rxb7 Rxc4+ 0-1

[Event "Kvinder mod Veteraner 1996"]
[Site "Lyngby"]
[Date "1996.07.13"]
[Round "6"]
[White "Treppendahl, Trine"]
[Black "Andersen, Ejnar"]
[Result "0-1"]
[WhiteElo "1953"]
[BlackElo "2070"]
[PlyCount "58"]
[EventDate "1996.??.??"]
[WhiteTeam "Kvinder"]
[BlackTeam "Veteraner"]

1. d4 Nf6 2. Nf3 b5 3. Bf4 Bb7 4. e3 a6 5. c4 c5 6. cxb5 axb5 7. dxc5 Ne4 8. b4
Nc6 9. Qb3 Ra4 10. Ne5 e6 11. Nxc6 Bxc6 12. Nc3 Nxc3 13. Qxc3 Be7 14. a3 O-O
15. Be2 Qa8 16. Be5 f6 17. Bc7 Bxg2 18. Rg1 Bc6 19. Ba5 Bd8 20. Bxd8 Qxd8 21.
Bd1 Ra8 22. Qd4 Qe7 23. Bc2 f5 24. Ke2 Rf7 25. Rg3 Kh8 26. Bd3 Raf8 27. Rag1 e5
28. Qd6 e4 29. Qxe7 exd3+ 0-1

[Event "Kvinder mod Veteraner 1996"]
[Site "Lyngby"]
[Date "1996.07.14"]
[Round "7"]
[White "Fredericia, Louise Winther"]
[Black "Larsen, Ole Scholler"]
[Result "0-1"]
[WhiteElo "1955"]
[BlackElo "2094"]
[PlyCount "146"]
[EventDate "1996.??.??"]
[WhiteTeam "Kvinder"]
[BlackTeam "Veteraner"]

1. Nf3 g6 2. g3 Bg7 3. Bg2 c5 4. c3 Nc6 5. d4 d6 6. dxc5 dxc5 7. Qxd8+ Nxd8 8.
Na3 Bd7 9. O-O Bc6 10. Re1 b5 11. e4 a6 12. Nc2 e5 13. Nh4 Ne7 14. Be3 Ne6 15.
f4 exf4 16. gxf4 Bf6 17. f5 Bxh4 18. fxe6 Bxe1 19. exf7+ Kxf7 20. Rxe1 c4 21.
Nd4 Rad8 22. Rf1+ Ke8 23. Rf6 Bb7 24. Ne6 Rd1+ 25. Kf2 Rb1 26. Ng7+ Kd8 27. Bh3
Rxb2+ 28. Kg3 Nc6 29. Bg5 Kc7 30. Bf4+ Kb6 31. Rf7 Nd8 32. Rd7 Bc8 33. Rd6+ Nc6
34. Ne6 Bb7 35. Nd4 Rd8 36. Rf6 Rxa2 37. Be3 Ka5 38. Nxc6+ Bxc6 39. Rxc6 Rd3
40. Kf4 Rxc3 41. Bc8 Rxh2 42. Rxa6+ Kb4 43. e5 g5+ 44. Kf3 h5 45. Ra1 g4+ 46.
Kf4 Re2 47. Bd4 Rd3 48. Rb1+ Rb3 49. Rc1 Rf3+ 50. Kg5 c3 51. Kxh5 Rd3 52. Bb6
Rxe5+ 53. Kxg4 Kb3 54. Kf4 Rdd5 55. Bd4 Rxd4+ 56. Kxe5 Rd2 57. Bf5 c2 58. Rg1
Kb2 59. Bxc2 Kxc2 60. Rg7 b4 61. Rc7+ Kb2 62. Ke4 b3 63. Ke3 Rd8 64. Rb7 Kc2
65. Rc7+ Kb1 66. Rb7 b2 67. Ra7 Rd5 68. Ra8 Kc2 69. Rc8+ Kb3 70. Rb8+ Kc3 71.
Ke2 Rd4 72. Ke1 Rb4 73. Rc8+ Kb3 0-1

[Event "Kvinder mod Veteraner 1996"]
[Site "Lyngby"]
[Date "1996.07.14"]
[Round "7"]
[White "Guindy, Esmat"]
[Black "Norregaard, Claus"]
[Result "1-0"]
[WhiteElo "2116"]
[BlackElo "1963"]
[PlyCount "59"]
[EventDate "1996.??.??"]
[WhiteTeam "Kvinder"]
[BlackTeam "Veteraner"]

1. d4 f5 2. g3 Nf6 3. Bg2 g6 4. Nf3 Bg7 5. O-O O-O 6. c4 d6 7. Nc3 Qe8 8. d5
Na6 9. Be3 Bd7 10. Nd4 c6 11. Qd2 Ng4 12. Bf4 Nc7 13. h3 Ne5 14. b3 Nf7 15.
Rad1 Rb8 16. e4 c5 17. Nf3 b5 18. exf5 gxf5 19. cxb5 Nxb5 20. Nxb5 Bxb5 21.
Rfe1 c4 22. Ng5 Ne5 23. Ne6 Bf6 24. Bxe5 dxe5 25. Nxf8 c3 26. Qxc3 e4 27. Qa5
Kxf8 28. d6 Qd7 29. Qc7 Rc8 30. dxe7+ 1-0

[Event "Kvinder mod Veteraner 1996"]
[Site "Lyngby"]
[Date "1996.07.14"]
[Round "7"]
[White "Haahr, Merete"]
[Black "Andersen, Ejnar"]
[Result "1-0"]
[WhiteElo "1822"]
[BlackElo "2070"]
[PlyCount "54"]
[EventDate "1996.??.??"]
[WhiteTeam "Kvinder"]
[BlackTeam "Veteraner"]

1. e4 c5 2. Nc3 Nc6 3. f4 d6 4. Nf3 Nf6 5. d4 cxd4 6. Nxd4 g6 7. Be3 Bg7 8. Be2
Bd7 9. O-O O-O 10. g4 Nxg4 11. Bxg4 Bxg4 12. Qd2 Qd7 13. Rf2 Rac8 14. Re1 a6
15. Nd5 Qd8 16. c4 e6 17. Nc3 Nxd4 18. Bxd4 Rxc4 19. Bxg7 Kxg7 20. Qd3 Qc7 21.
h3 Bh5 22. f5 exf5 23. exf5 f6 24. Re6 Rc6 25. fxg6 hxg6 26. Rexf6 Rxf6 27. Qd4
Qe7 1-0

[Event "Kvinder mod Veteraner 1996"]
[Site "Lyngby"]
[Date "1996.07.14"]
[Round "7"]
[White "Moller, Henning"]
[Black "Hansen, Evgenia Peicheva"]
[Result "1/2-1/2"]
[WhiteElo "2072"]
[BlackElo "2161"]
[PlyCount "93"]
[EventDate "1996.??.??"]
[WhiteTeam "Veteraner"]
[BlackTeam "Kvinder"]

1. c4 e5 2. Nc3 Nc6 3. g3 g6 4. Bg2 Bg7 5. Nf3 d6 6. d3 h6 7. Rb1 a5 8. Bd2 f5
9. O-O Nf6 10. a3 O-O 11. b4 axb4 12. axb4 Ne7 13. b5 c6 14. Qb3 Kh7 15. Ra1
Rxa1 16. Rxa1 Nd7 17. Ra8 Nc5 18. Qa3 Qd7 19. bxc6 Nxc6 20. Nd5 e4 21. Ne1 Qf7
22. Be3 exd3 23. exd3 Nd4 24. f4 Re8 25. Bf2 Bd7 26. Rxe8 Qxe8 27. Qa2 Bc6 28.
h3 Qe2 29. Qxe2 Nxe2+ 30. Kf1 Nc1 31. Bxc5 dxc5 32. Ne3 Bxg2+ 33. Kxg2 Bc3 34.
N3c2 g5 35. Kf3 Kg6 36. g4 Bd2 37. fxg5 hxg5 38. gxf5+ Kxf5 39. Kg3 Ne2+ 40.
Kf2 Nf4 41. Kg3 Bxe1+ 42. Nxe1 b6 43. Kh2 Ne2 44. Kg2 Ke5 45. Nf3+ Kf5 46. Ne1
Nd4 47. Kg3 1/2-1/2

[Event "Kvinder mod Veteraner 1996"]
[Site "Lyngby"]
[Date "1996.07.14"]
[Round "7"]
[White "Mortensen, Beatrix"]
[Black "Nilsson, Nils Specht"]
[Result "1/2-1/2"]
[WhiteElo "1957"]
[BlackElo "2155"]
[PlyCount "64"]
[EventDate "1996.??.??"]
[WhiteTeam "Kvinder"]
[BlackTeam "Veteraner"]

1. e4 e6 2. d4 b6 3. Nf3 Bb7 4. Bd3 g6 5. Nc3 Bg7 6. Be3 Nf6 7. Qd2 d5 8. e5
Nfd7 9. h4 h5 10. Ng5 Nf8 11. Qe2 a6 12. Qf3 Qe7 13. Qf4 Nc6 14. O-O-O Rd8 15.
g4 hxg4 16. Be2 Nxd4 17. Qxd4 c5 18. Qf4 d4 19. Nce4 Nh7 20. Bd2 Nxg5 21. hxg5
Rxh1 22. Rxh1 Bxe4 23. Qxe4 Rd5 24. Bf4 b5 25. Rh7 Kf8 26. Bxg4 Kg8 27. Rh1 c4
28. Rd1 Qc5 29. Bf3 c3 30. Qd3 Qb4 31. Rh1 Qxb2+ 32. Kd1 Rd8 1/2-1/2

[Event "Kvinder mod Veteraner 1996"]
[Site "Lyngby"]
[Date "1996.07.14"]
[Round "7"]
[White "Pedersen, Borge"]
[Black "Treppendahl, Trine"]
[Result "1-0"]
[WhiteElo "2110"]
[BlackElo "1953"]
[PlyCount "71"]
[EventDate "1996.??.??"]
[WhiteTeam "Veteraner"]
[BlackTeam "Kvinder"]

1. d4 d5 2. Nf3 Nf6 3. c4 c6 4. Nc3 dxc4 5. a4 Bf5 6. e3 e6 7. Bxc4 Nbd7 8. O-O
Ne4 9. Nd2 Nxd2 10. Bxd2 Nf6 11. f3 Be7 12. Ne2 a6 13. Qb3 Qd7 14. e4 Bg6 15.
Bc3 c5 16. d5 exd5 17. exd5 O-O 18. Ng3 b5 19. axb5 axb5 20. Rxa8 Rxa8 21. Bxb5
Qxd5 22. Bc4 Qd7 23. Re1 Bd6 24. Qd1 Qc7 25. Re2 Bxg3 26. hxg3 Qxg3 27. Re5 Nh5
28. Qa4 Rf8 29. Re8 Qd6 30. Be5 Qd2 31. Rxf8+ Kxf8 32. Qa8+ Ke7 33. Qa7+ Qd7
34. Qxc5+ Kd8 35. Qf8+ Qe8 36. Bc7+ 1-0

[Event "Kvinder mod Veteraner 1996"]
[Site "Lyngby"]
[Date "1996.07.14"]
[Round "7"]
[White "Stewart, Tanya Jill Milk"]
[Black "From, Sigfred"]
[Result "0-1"]
[WhiteElo "1985"]
[BlackElo "2087"]
[PlyCount "142"]
[EventDate "1996.??.??"]
[WhiteTeam "Kvinder"]
[BlackTeam "Veteraner"]

1. e4 c5 2. Nf3 Nc6 3. d4 cxd4 4. Nxd4 Nf6 5. Nc3 e5 6. Ndb5 d6 7. Bg5 a6 8.
Na3 b5 9. Nd5 Be7 10. Bxf6 Bxf6 11. c3 Bg5 12. Nc2 O-O 13. a4 bxa4 14. Rxa4 a5
15. Bc4 Bb7 16. h4 Bh6 17. Nce3 Bxe3 18. Nxe3 Ne7 19. Qg4 d5 20. exd5 Bxd5 21.
Bxd5 Nxd5 22. Nf5 Qf6 23. Rh3 h5 24. Qe4 Ne7 25. Nxe7+ Qxe7 26. Rg3 Rfd8 27.
Rd3 Qc5 28. b4 Qc7 29. bxa5 Rxd3 30. Qxa8+ Rd8 31. Qf3 Qd7 32. Ra2 Qb5 33. Rd2
Rb8 34. Qd5 Qa4 35. Ke2 Qg4+ 36. Qf3 Qxh4 37. a6 Qc4+ 38. Qd3 Qa4 39. f3 Ra8
40. Qd7 Qxa6+ 41. Qd3 Qb6 42. Qe3 Qe6 43. Qd3 Rc8 44. Rb2 g6 45. Kd2 Qe7 46.
Ke2 Qc5 47. Rb5 Qg1 48. Rxe5 Ra8 49. Qe3 Qxg2+ 50. Kd3 Rd8+ 51. Ke4 Qh2 52. Qg5
Qc2+ 53. Kf4 Qd2+ 54. Kg3 Qxg5+ 55. Rxg5 Rc8 56. Kf4 Rxc3 57. Ke4 Kg7 58. Ra5
Rc4+ 59. Ke3 h4 60. f4 Rc3+ 61. Kf2 Rg3 62. Ra4 Kh6 63. Ra5 f5 64. Ra8 Kh5 65.
Rg8 Ra3 66. Kg2 h3+ 67. Kf2 h2 68. Kg2 Ra6 69. Kg3 h1=N+ 70. Kf3 Ra3+ 71. Kg2
Ng3 0-1